|
|
|
|
| LEADER |
00000cam a2200000 a 4500 |
| 001 |
vtls001120703 |
| 003 |
SK-MaSNL |
| 005 |
20260301121728.0 |
| 008 |
250821s1988 xo n 00000 slo |
| 015 |
|
|
|a SNBA1988/04
|
| 035 |
|
|
|a SNK000063546
|
| 035 |
|
|
|a urn:nbn:sk:snk-amjba5
|
| 035 |
|
|
|a urn:nbn:sk:snk-am003e4o
|
| 035 |
|
|
|a 6B6DBB3B-1D7D-439C-94CE-4FFF593D3895
|
| 040 |
|
|
|a SNK
|b slo
|c SNK
|e AACR2
|
| 041 |
0 |
|
|a slo
|b eng
|b ger
|
| 044 |
|
|
|a xo
|c SK
|
| 080 |
|
|
|a 301.152.4:141.82
|2 1981
|
| 080 |
|
|
|a 141.82
|2 1981
|
| 080 |
|
|
|a 323.232
|2 1981
|
| 080 |
|
|
|a 37.03
|2 1981
|
| 100 |
1 |
|
|a Matušťák, Miroslav,
|d 1926-1995
|4 aut
|9 38581
|
| 245 |
1 |
0 |
|a Výchova k socialistickému presvedčeniu
|c Miroslav Matušťák
|
| 250 |
|
|
|a 1. vyd.
|
| 260 |
|
|
|a Bratislava
|b Slovenské pedagogické nakladateľstvo
|c 1988
|
| 300 |
|
|
|a 202 s.
|c 21 cm
|
| 366 |
|
|
|e 1300 výt.
|
| 500 |
|
|
|a Ilustr. na front. Lit. 72. Súbež. res. rus. a nem. 72 zázn. v slov. a češ.
|
| 504 |
|
|
|a Bibliogr. odkazy
|
| 546 |
|
|
|a Res. angl., nem.
|
| 650 |
0 |
7 |
|a socializmus
|2 SNKPH
|9 2151
|
| 650 |
0 |
7 |
|a výchova
|2 SNKPH
|9 957
|
| 650 |
0 |
7 |
|a ideovo-výchovná práca
|2 SNKPH
|9 466257
|
| 650 |
0 |
7 |
|a monografie
|2 SNKPH
|9 256509
|
| 958 |
|
|
|a EUIPO
|
| 958 |
|
|
|a OND
|
| 958 |
|
|
|a SP
|
| 958 |
|
|
|a NB
|
| 958 |
|
|
|a TL
|
| 999 |
|
|
|c 730459
|d 732389
|
| 952 |
|
|
|a SNK
|b SNK
|y VYP
|7 0
|p 17A1138476
|o snkSC 70910 D1
|i snkKSP 1386/88
|0 0
|1 0
|4 0
|d 2015-02-25
|f 1
|l 0
|r 2026-02-23 22:27:19
|w 2026-02-23
|